00534nam a2200181Ia 4500008004100000020001400041040001300055050001000068100001700078245007300095260003800168300003800206500002000244504004000264650001600304700001700320999001500337 1969 e 1 eng  a723401233 aNG-ZaABU aQp 94 aFlemans,R.J. 3aAn Atlas of Haematological Cytologycby F.G. Hayhoe and R.J. Flemans aLondonbWolfe Medical Booksc1969 a320p.:ill.;diagrs,pictures,tables aIncludes index aIncludes bibliographical references aHaematology aHayhoe, F.G. c2573d2573